[Event "Treviso op-A 1st"]
[Site "Treviso"]
[Date "2017.03.17"]
[Round "1.15"]
[White "Marziali, Giulio"]
[Black "Santolini, Luigi"]
[Result "0-1"]
[WhiteElo "2037"]
[BlackElo "2208"]
[PlyCount "64"]
[EventDate "2017.03.17"]
[EventType "swiss"]
[EventRounds "5"]
[EventCountry "ITA"]
[SourceTitle "EXT 2024"]
[Source "ChessBase"]
[SourceDate "2023.10.10"]
[SourceVersion "1"]
[SourceVersionDate "2023.10.10"]
[SourceQuality "1"]

1. e4 e6 2. d4 d5 3. Nc3 Nf6 4. Bg5 Bb4 5. e5 h6 6. Bd2 Bxc3 7. bxc3 Ne4 8. Bd3 Nxd2 9. Qxd2 c5 10. h4 Nc6 11. Nf3 Qa5 12. dxc5 Qxc5 13. h5 Bd7 14. Rh4 0-0-0 15. Rb1 f6 16. exf6 gxf6 17. c4 Ne5 18. Nxe5 fxe5 19. cxd5 exd5 20. Rhb4 Bc6 21. Bb5 Rh7 22. R1b3 Rc7 23. a4 d4 24. Rc4 Qd6 25. Qa5 Bxb5 26. Qxb5 Kb8 27. Rg3 a6 28. Qb3 Rxc4 29. Qxc4 e4 30. Rg6 Qf4 31. Rg3 Qc1+ 32. Ke2 d3+ 0-1

[Event "Palmanova op 5th"]
[Site "Palmanova"]
[Date "2016.12.08"]
[Round "1"]
[White "Marziali, Giulio"]
[Black "Dappiano, Andrea"]
[Result "0-1"]
[WhiteElo "2016"]
[BlackElo "2309"]
[PlyCount "70"]
[EventDate "2016.12.08"]
[EventType "swiss"]
[EventRounds "6"]
[EventCountry "ITA"]
[SourceTitle "CBM 176 Extra"]
[Source "ChessBase"]
[SourceDate "2017.03.02"]
[SourceVersion "1"]
[SourceVersionDate "2017.03.02"]
[SourceQuality "1"]

1. e4 e6 2. d4 d5 3. Nc3 Bb4 4. exd5 exd5 5. Nf3 Nf6 6. Bd3 0-0 7. 0-0 Bg4 8. Bg5 c6 9. Re1 Nbd7 10. Qd2 Bxf3 11. gxf3 Bd6 12. Ne2 Qc7 13. Ng3 Rfe8 14. Kh1 Rxe1+ 15. Rxe1 Kh8 16. c3 c5 17. Rg1 cxd4 18. cxd4 Re8 19. Nf5 Nh5 20. Rg4 f6 21. Be3 g6 22. Nxd6 Qxd6 23. Qc2 f5 24. Rh4 Ndf6 25. Qc5 Qe6 26. Bd2 g5 27. Bxg5 Qe1+ 28. Kg2 Rg8 29. f4 Nxf4+ 30. Rxf4 Rxg5+ 31. Kf3 Ng4 32. Kg3 Qg1+ 33. Kh4 Rg8 34. Rf3 Ne3 35. Rg3 Qxh2+ 0-1

[Event "Arco Christmas op 6th"]
[Site "Arco"]
[Date "2015.12.27"]
[Round "2"]
[White "Marziali, Giulio"]
[Black "Pescatore, Lorenzo"]
[Result "0-1"]
[WhiteElo "1991"]
[BlackElo "2243"]
[PlyCount "44"]
[EventDate "2015.12.26"]
[EventType "swiss"]
[EventRounds "7"]
[EventCountry "ITA"]
[SourceTitle "CBM 170 Extra"]
[Source "ChessBase"]
[SourceDate "2016.02.25"]
[SourceVersion "1"]
[SourceVersionDate "2016.02.25"]
[SourceQuality "1"]

1. e4 c5 2. c3 d5 3. exd5 Qxd5 4. d4 Nc6 5. Nf3 Bf5 6. Na3 cxd4 7. Nb5 0-0-0 8. cxd4 e5 9. Nc3 Bb4 10. Bd2 Bxc3 11. bxc3 exd4 12. cxd4 Nf6 13. Be2 Nxd4 14. Nxd4 Qxd4 15. Qc1+ Kb8 16. Bf4+ Ka8 17. 0-0 Nd5 18. Bg3 Nc3 19. Bd1 Rhe8 20. Kh1 Be4 21. f3 Bg6 22. Bf2 Qxf2 0-1

[Event "Arco Christmas op 3rd"]
[Site "Arco"]
[Date "2012.12.28"]
[Round "4"]
[White "Marziali, Giulio"]
[Black "Lezzerini, Marco"]
[Result "0-1"]
[WhiteElo "1576"]
[BlackElo "1928"]
[PlyCount "42"]
[EventDate "2012.12.26"]
[EventType "swiss"]
[EventRounds "7"]
[EventCountry "ITA"]
[SourceTitle "CBM 152 Extra"]
[Source "ChessBase"]
[SourceDate "2013.02.25"]
[SourceVersion "1"]
[SourceVersionDate "2013.02.25"]
[SourceQuality "1"]

1. d4 d6 2. e4 Nf6 3. Nc3 g6 4. Nf3 Bg7 5. Bc4 0-0 6. Bg5 Nxe4 7. Nxe4 d5 8. Bd3 dxe4 9. Bxe4 c5 10. c3 cxd4 11. Nxd4 Qa5 12. Bd2 Rd8 13. Qe2 Nd7 14. b4 Qe5 15. f4 Qb8 16. f5 Nf6 17. fxg6 hxg6 18. Bd3 e5 19. Nc2 Bg4 20. Qf1 Qd6 21. Nd4 exd4 0-1